Library Banner

Tarjuman e Safa(ترجمان صفہ)/ (Record no. 109296)

MARC details
000 -LEADER
fixed length control field 00310nam a22001217a 4500
005 - DATE AND TIME OF LATEST TRANSACTION
control field 20181204091946.0
008 - FIXED-LENGTH DATA ELEMENTS--GENERAL INFORMATION
fixed length control field 181204b ||||| |||| 00| 0 eng d
040 ## - CATALOGING SOURCE
Transcribing agency PK-LaUMT
082 ## - DEWEY DECIMAL CLASSIFICATION NUMBER
Classification number RHC 297.07
Item number TAR-
245 ## - TITLE STATEMENT
Title Tarjuman e Safa(ترجمان صفہ)/
260 ## - PUBLICATION, DISTRIBUTION, ETC. (IMPRINT)
Name of publisher, distributor, etc صفہ فاونڈیشن
942 ## - ADDED ENTRY ELEMENTS (KOHA)
Koha item type Books
Holdings
Withdrawn status Lost status Damaged status Home library Current library Date acquired Full call number Barcode Date last seen Price effective from Koha item type
      UMT Main Campus UMT Main Campus 2018-12-04 RHC 297.07 TAR- 126800 2018-12-04 2018-12-04 Books